00921nam a22002417a 4500003000500000005001700005008004100022010001000063011001000073035001000083040000900093100002700102245017800129260003700307300001100344502015100355650003300506650002900539650002600568650002600594650002400620650003500644CHAP20220329140933.0971013s1995 r 00010 d a60054 a61026 a65190 cCHAP00aAldape Botello, Jaime. aFertilización nitrogenada y fosfórica de maíz criollo (Zea mays) variedad blanco olote colorado en riego y riego limitado, verano 1984, ejido San Rafael, Linares, N.L. aMarín, N.L. :bEl autor,c1995 a261 h. aTesis (M.C. en Producción Agrícola) -- Universidad Autónoma de Nuevo León. Facultad de Agronomía. Subdirección de Estudios de Posgrado14aFósforoxEfecto en maíz.14aMaízxFertilización.14aMaízxIrrigación.14aMaízxNuevo León.14aMaízxVariedades.14aNitrógenoxEfecto en maíz.